Current Science (Record no. 35911)

MARC details
000 -LEADER
fixed length control field 00361nam a22001457a 4500
003 - CONTROL NUMBER IDENTIFIER
control field IN-BaIIA
005 - DATE AND TIME OF LATEST TRANSACTION
control field 20250623114545.0
008 - FIXED-LENGTH DATA ELEMENTS--GENERAL INFORMATION
fixed length control field 211214b ||||| |||| 00| 0 eng d
022 ## - INTERNATIONAL STANDARD SERIAL NUMBER
International Standard Serial Number 00113891
040 ## - CATALOGING SOURCE
Transcribing agency IIA Library
245 ## - TITLE STATEMENT
Title Current Science
Medium [Print Journal]
260 ## - PUBLICATION, DISTRIBUTION, ETC.
Place of publication, distribution, etc. India
Name of publisher, distributor, etc. Indian Academy of Sciences
310 ## - CURRENT PUBLICATION FREQUENCY
Current publication frequency 24/Year
942 ## - ADDED ENTRY ELEMENTS (KOHA)
Koha item type Journals (Bound Volume)
Serial record flag 1
Source of classification or shelving scheme Dewey Decimal Classification
Holdings
Withdrawn status Lost status Damaged status Not for loan Home library Current library Date acquired Total Checkouts Date last seen Price effective from Koha item type
        IIA Library-Bangalore IIA Library-Bangalore 14/12/2021   14/12/2021 14/12/2021 Journals (Bound Volume)

Powered by Koha